[Event "IND-ch U25 26th"]
[Site "Port Blair"]
[Date "2017.07.19"]
[Round "9"]
[White "Bavankumar"]
[Black "Kumar, Sanu"]
[Result "0-1"]
[WhiteElo "2127"]
[BlackElo "1735"]
[PlyCount "177"]
[EventDate "2017.07.13"]
[EventType "swiss"]
[EventRounds "9"]
[EventCountry "IND"]
[SourceTitle "EXT 2018"]
[Source "ChessBase"]
[SourceDate "2017.10.13"]
[SourceVersion "1"]
[SourceVersionDate "2017.10.13"]
[SourceQuality "1"]

1. e4 c5 2. b3 Nc6 3. Bb2 d5 4. exd5 Qxd5 5. Nc3 Qd6 6. Nf3 Nf6 7. Bb5 Bd7 8. 0-0 Qc7 9. Qe2 e6 10. Bxc6 Bxc6 11. Ne5 Bd6 12. Nb5 Bxb5 13. Qxb5+ Ke7 14. Rae1 Rhe8 15. Qc4 Kf8 16. Qh4 Kg8 17. Nf3 Be7 18. Ng5 h6 19. Ne4 Nxe4 20. Qxe4 Bd6 21. f4 f5 22. Qc4 b5 23. Qc3 Re7 24. Qf3 Rae8 25. Be5 Rd8 26. d3 Qa5 27. Bxd6 Rxd6 28. Re5 Qc3 29. Qf2 Rc7 30. Rfe1 Kf7 31. Qe2 Rcc6 32. Qh5+ Kg8 33. Qe2 Kf7 34. h3 a6 35. Re3 g6 36. Qf2 Qf6 37. Re5 Rd5 38. Qf3 Rcd6 39. R1e3 Qd8 40. Qf2 Rxe5 41. Rxe5 Rd5 42. Re3 Qf6 43. Qe1 b4 44. g3 g5 45. fxg5 hxg5 46. Qe2 Ke7 47. Qf3 Kd6 48. Re2 Re5 49. Re3 Rxe3 50. Qxe3 Qd4 51. Kf2 Qxe3+ 52. Kxe3 Ke5 53. Kf3 Kf6 54. Ke3 e5 55. Kf3 Kg6 56. Ke2 Kh5 57. Kf3 Kg6 58. Ke2 Kf6 59. Kf3 Kg6 60. Ke2 Kf6 61. Kf3 Ke6 62. Ke2 Kf6 63. Kf3 Kg6 64. Ke2 Kh6 65. Kf2 Kh5 66. Kf3 f4 67. Kf2 g4 68. Kg2 Kg5 69. Kh2 fxg3+ 70. Kxg3 gxh3 71. Kxh3 Kf4 72. Kg2 e4 73. dxe4 Kxe4 74. Kf2 Kd4 75. Ke2 Kc3 76. Kd1 Kb2 77. Kd2 Kxa2 78. Kd3 Kb2 79. Kd2 Ka2 80. Ke2 a5 81. Ke1 Ka3 82. Ke2 a4 83. bxa4 Kxa4 84. Kd2 Ka3 85. Kc1 Ka2 86. Kd2 Kb1 87. Kd1 Kb2 88. Kd2 c4 89. Kd1 0-1

[Event "IND-ch U25 26th"]
[Site "Port Blair"]
[Date "2017.07.18"]
[Round "8"]
[White "Kumar, Sanu"]
[Black "Anjana Krishna, Sreela"]
[Result "1-0"]
[WhiteElo "1735"]
[BlackElo "1894"]
[PlyCount "101"]
[EventDate "2017.07.13"]
[EventType "swiss"]
[EventRounds "9"]
[EventCountry "IND"]
[SourceTitle "EXT 2018"]
[Source "ChessBase"]
[SourceDate "2017.10.13"]
[SourceVersion "1"]
[SourceVersionDate "2017.10.13"]
[SourceQuality "1"]

1. e4 d5 2. exd5 Qxd5 3. Nc3 Qd6 4. d4 a6 5. h3 Nf6 6. Nf3 Bf5 7. Bc4 Nc6 8. a3 e6 9. 0-0 Rd8 10. Be3 Be7 11. Re1 0-0 12. Qe2 Rfe8 13. Nh4 Bf8 14. Rad1 Bg6 15. Nxg6 hxg6 16. Qf3 Na5 17. Ba2 b5 18. Bf4 Qb6 19. d5 exd5 20. Rxe8 Rxe8 21. Nxd5 Nxd5 22. Bxd5 Nc4 23. Qc3 Re2 24. Bg3 Qf6 25. Qd3 Re8 26. Bxc4 bxc4 27. Qxc4 Qxb2 28. Qxc7 Qxa3 29. Rd7 Qa1+ 30. Kh2 Re1 31. Bf4 Rh1+ 32. Kg3 Qf6 33. Qc8 Qf5 34. Rd8 Qxc8 35. Rxc8 Rd1 36. Be3 Rd5 37. c4 Rf5 38. Bd2 Rc5 39. Rxf8+ Kxf8 40. Bb4 Ke8 41. Bxc5 a5 42. Kf4 Kd7 43. Ke5 Kc6 44. Ba3 a4 45. h4 Kd7 46. Kd5 Kc7 47. g4 Kd7 48. f4 Kc7 49. f5 Kd7 50. fxg6 fxg6 51. Ke5 1-0

[Event "IND-ch U25 26th"]
[Site "Port Blair"]
[Date "2017.07.14"]
[Round "2"]
[White "Kumar, Sanu"]
[Black "Samal, Ansuman"]
[Result "1/2-1/2"]
[WhiteElo "1735"]
[BlackElo "2073"]
[PlyCount "115"]
[EventDate "2017.07.13"]
[EventType "swiss"]
[EventRounds "9"]
[EventCountry "IND"]
[SourceTitle "EXT 2018"]
[Source "ChessBase"]
[SourceDate "2017.10.13"]
[SourceVersion "1"]
[SourceVersionDate "2017.10.13"]
[SourceQuality "1"]

1. e4 Nf6 2. e5 Nd5 3. c4 Nb6 4. d4 d6 5. Nf3 g6 6. h3 Bg7 7. exd6 cxd6 8. Bg5 h6 9. Be3 Nc6 10. Nc3 0-0 11. Qd2 Kh7 12. d5 Nb8 13. Rd1 Bd7 14. b3 Na6 15. Bd3 Rc8 16. Ne2 Nc5 17. Bb1 f5 18. Nf4 Ne4 19. Bxe4 fxe4 20. Nd4 Rf6 21. Nde6 Bxe6 22. Nxe6 Rxe6 23. dxe6 Qg8 24. Bxb6 axb6 25. 0-0 Qxe6 26. Qd5 Qf5 27. Qxb7 Be5 28. Qxe7+ Kh8 29. Qh4 Kg7 30. Rde1 Rg8 31. Qg4 h5 32. Qxf5 gxf5 33. g3 Kf6 34. h4 Re8 35. a4 Bd4 36. Rd1 Bc5 37. Rd5 Rg8 38. Kh2 Ke6 39. f3 e3 40. Rxc5 dxc5 41. f4 Rd8 42. Kg2 Rd3 43. Re1 Rxb3 44. Kf3 Rb4 45. Rxe3+ Kf6 46. Rd3 Ke6 47. Re3+ Kf6 48. Rd3 Ke6 49. Re3+ Kf6 50. Rd3 Rxa4 51. Rd6+ Kg7 52. Rxb6 Rxc4 53. Rb7+ Kf6 54. Rb6+ Kg7 55. Rb7+ Kg6 56. Rb6+ Kg7 57. Rb7+ Kf6 58. Rb6+ 1/2-1/2

[Event "IND-chT 36th"]
[Site "Bhubaneswar"]
[Date "2016.02.11"]
[Round "6"]
[White "Narayanan, Srinath"]
[Black "Kumar, Sanu"]
[Result "0-1"]
[WhiteElo "2469"]
[BlackElo "1782"]
[PlyCount "92"]
[EventDate "2016.02.08"]
[EventType "team-swiss"]
[EventRounds "9"]
[EventCountry "IND"]
[SourceTitle "CBM 170 Extra"]
[Source "ChessBase"]
[SourceDate "2016.02.25"]
[SourceVersion "1"]
[SourceVersionDate "2016.02.25"]
[SourceQuality "1"]
[WhiteTeam "Air India"]
[BlackTeam "Tamil Nadu II"]
[WhiteTeamCountry "IND"]
[BlackTeamCountry "IND"]

1. e4 c5 2. Nf3 g6 3. d4 cxd4 4. Qxd4 Nf6 5. e5 Nc6 6. Qa4 Nd5 7. Qe4 Nb6 8. Nc3 Bg7 9. Bf4 0-0 10. 0-0-0 d5 11. Qe3 Bg4 12. h4 d4 13. Qe4 Bf5 14. Qe1 Rc8 15. Bb5 Nd5 16. Bxc6 Nxc3 17. bxc3 bxc6 18. Nxd4 Qa5 19. Nxf5 Qa3+ 20. Kd2 gxf5 21. Rh3 Rfd8+ 22. Rd3 Qxa2 23. Rxd8+ Rxd8+ 24. Ke3 Rd5 25. f3 Qxc2 26. Rxd5 cxd5 27. Qa1 Qxg2 28. Qa5 Qc2 29. Qb4 e6 30. Qb8+ Bf8 31. Bg5 Qxc3+ 32. Kf2 Qb4 33. Qd8 h6 34. Bxh6 Qe7 35. Qxe7 Bxe7 36. h5 Bc5+ 37. Ke2 Bd4 38. Bf4 f6 39. exf6 Bxf6 40. Kd3 a5 41. Kc2 a4 42. Bd6 Kh7 43. Kb1 Kh6 44. Ka2 Kxh5 45. Ka3 Kg5 46. Kxa4 e5 0-1